Statistics for Countries Containing O

Click here to take the quiz!

General Stats

  • This quiz has been taken 1,370 times
    (1,320 since last reset)
  • The average score is 54 of 67

Answer Stats

Country% Correct
Oman
95%
North Korea
91%
South Korea
90%
Portugal
89%
Norway
88%
Morocco
87%
Poland
87%
South Africa
87%
Colombia
86%
Democratic Republic of the Congo
86%
Dominican Republic
85%
Andorra
84%
Bolivia
84%
Estonia
84%
Honduras
84%
Monaco
84%
Romania
84%
Togo
84%
United Kingdom
84%
Angola
83%
Kosovo
83%
Mongolia
83%
Republic of the Congo
83%
Somalia
83%
Bosnia and Herzegovina
82%
Dominica
82%
Mexico
82%
Slovenia
82%
South Sudan
82%
Botswana
81%
Costa Rica
81%
Indonesia
81%
Slovakia
81%
Tonga
81%
Cambodia
80%
Comoros
80%
Ecuador
80%
Laos
80%
Lesotho
80%
Moldova
80%
Mozambique
80%
San Marino
80%
Jordan
79%
Montenegro
79%
Croatia
78%
Lebanon
78%
Solomon Islands
78%
Ethiopia
77%
Gabon
77%
Luxembourg
77%
United States (of America)
77%
Cameroon
76%
Samoa
76%
Cote d'Ivoire
75%
Djibouti
75%
El Salvador
75%
Georgia
75%
Equatorial Guinea
74%
Macedonia
74%
Sao Tome and Principe
74%
Singapore
74%
Barbados
71%
Burkina Faso
71%
East Timor
71%
Federated States of Micronesia
69%
Sierra Leone
69%
Trinidad and Tobago
69%

Score Distribution

Percentile by Number Answered

Percent of People with Each Score

Your Score History

You have not taken this quiz since the last reset